Normal view
MARC view
- Young, Leo Jones, E. M. T Maththaei, G. L
Entry Personal Name
001 - CONTROL NUMBER
- control field: 73848
003 - CONTROL NUMBER IDENTIFIER
- control field: NUST
005 - DATE AND TIME OF LATEST TRANSACTION
- control field: 20210628205107.0
008 - FIXED-LENGTH DATA ELEMENTS
- fixed length control field: 210628|| aca||aabn | a|a d
040 ## - CATALOGING SOURCE
- Original cataloging agency: NUST
- Transcribing agency: NUST
100 ## - HEADING--PERSONAL NAME
- Personal name: Young, Leo Jones, E. M. T Maththaei, G. L
670 ## - SOURCE DATA FOUND
- Source citation: Work cat.: (NUST): Young, Leo Jones, E. M. T Maththaei, G. L, Microwave filters impedance matching networks and coupling structures, 1980
